MARC details
| 000 -LEADER |
| fixed length control field |
02243nam a22003497a 4500 |
| 001 - CONTROL NUMBER |
| control field |
103645 |
| 003 - CONTROL NUMBER IDENTIFIER |
| control field |
KnowledgeUnlatched |
| 005 - DATE AND TIME OF LATEST TRANSACTION |
| control field |
20210303105057.0 |
| 006 - FIXED-LENGTH DATA ELEMENTS--ADDITIONAL MATERIAL CHARACTERISTICS |
| fixed length control field |
m o d |
| 007 - PHYSICAL DESCRIPTION FIXED FIELD--GENERAL INFORMATION |
| fixed length control field |
cr u|||||||||| |
| 008 - FIXED-LENGTH DATA ELEMENTS--GENERAL INFORMATION |
| fixed length control field |
210129p20182019gw o u00| u ger d |
| 037 ## - SOURCE OF ACQUISITION |
| Institution to which field applies |
BiblioBoard |
| 020 ## - INTERNATIONAL STANDARD BOOK NUMBER |
| International Standard Book Number |
9783666310201 |
| 029 1# - OTHER SYSTEM CONTROL NUMBER (OCLC) |
| OCLC library identifier |
https://library.biblioboard.com/ext/api/media/a8c5a862-cc5d-447f-ad02-bd35a5b847a5/assets/thumbnail.jpg |
| 040 ## - CATALOGING SOURCE |
| Original cataloging agency |
ScCtBLL |
| Transcribing agency |
ScCtBLL |
| 100 1# - MAIN ENTRY--PERSONAL NAME |
| Personal name |
Niedhammer, Martina |
| Relator term |
author. |
| 245 00 - TITLE STATEMENT |
| Title |
Nur eine »Geld-Emancipation«? |
| Remainder of title |
Loyalitäten und Lebenswelten des Prager jüdischen Großbürgertums 1800-1867 / |
| Statement of responsibility, etc. |
Martina Niedhammer. |
| 264 #1 - PRODUCTION, PUBLICATION, DISTRIBUTION, MANUFACTURE, AND COPYRIGHT NOTICE |
| Name of producer, publisher, distributor, manufacturer |
Vandenhoeck & Ruprecht, |
| 300 ## - PHYSICAL DESCRIPTION |
| Extent |
1 online resource (341 p.) |
| 506 0# - RESTRICTIONS ON ACCESS NOTE |
| Terms governing access |
Access copy available to the general public. |
| Standardized terminology for access restriction |
Unrestricted |
| Source of term |
star |
| 520 ## - SUMMARY, ETC. |
| Summary, etc. |
"Im Mittelpunkt des Buches steht die Frage nach den Loyalitäten und Lebenswelten des Prager jüdischen Großbürgertums zwischen 1800 und 1867. Aufgrund seines enormen wirtschaftlichen Erfolges nahm es innerhalb der jüdischen Bevölkerung Böhmens eine Sonderstellung ein. Anhand von fünf Prager Familien zeigt Martina Niedhammer jedoch, dass sich die gesellschaftlichen Bestrebungen des jüdischen Großbürgertums nicht in sozialem Aufstieg um jeden Preis erschöpften. Dies belegen die vielfältigen Anbindungen der jüdischen Oberschicht an nationalpolitisch, ethnisch und religiös unterschiedlich konnotierte Orte im Prager Stadtraum. Entlang dieser Orte werden ihr ökonomischer Aufstieg, religiöses Leben, soziales und politisches Engagement sowie familiäres Selbstverständnis in den Blick genommen." |
| 588 0# - SOURCE OF DESCRIPTION NOTE |
| Source of description note |
Description based on print version record. |
| 590 ## - LOCAL NOTE (RLIN) |
| Local note |
KU Open Services |
| 650 #7 - SUBJECT ADDED ENTRY--TOPICAL TERM |
| Topical term or geographic name entry element |
History |
| Source of heading or term |
bisacsh |
| 650 #0 - SUBJECT ADDED ENTRY--TOPICAL TERM |
| Topical term or geographic name entry element |
History |
| 655 #0 - INDEX TERM--GENRE/FORM |
| Genre/form data or focus term |
Electronic books. |
| 758 ## - |
| -- |
Is found in: |
| -- |
Knowledge Unlatched |
| -- |
https://openresearchlibrary.org/module/2774bc74-146a-484f-a7ba-ab1d6a09bbfb |
| 856 40 - ELECTRONIC LOCATION AND ACCESS |
| Uniform Resource Identifier |
<a href="https://openresearchlibrary.org/content/a8c5a862-cc5d-447f-ad02-bd35a5b847a5">https://openresearchlibrary.org/content/a8c5a862-cc5d-447f-ad02-bd35a5b847a5</a> |
| Public note |
View this content on Open Research Library. |
| -- |
0 |